00950cam a2200301 u 45000010008000000030004000080050017000120080041000290100017000700150010000870200034000970400018001310430012001490820015001611000025001762450048002012600052002493000027003014900026003285000020003545040030003746500046004046500032004509060045004829420012005279990015005399520094005543183988OSt20230731101204.0760826s1976 enk b 001 0 eng  a 76362106  aGB*** a0710082703z0710082722 (pbk.) aDLCcDLCdDLC ae-uk---00a365.6bBEA1 aBean, Philip,d1936-10aRehabilitation and deviance /cPhilip Bean. aLondon ;aBoston :bRoutledge & K. Paul,c1976. aviii, 168 p. ;c23 cm.0 aRadical social policy aIncludes index. aBibliography: p. 159-165. 0aCriminalsxRehabilitationzGreat Britain. 0aCorrectionszGreat Britain. a7bcbccorignewduencipf19gy-gencatlg 2ddccBK c4008d4008 00102ddc4070a002b002d2023-07-31l0o365.6 BEAp10001267r2023-07-31w2023-07-31yBK